Normal view
MARC view
Entry Personal Name
001 - CONTROL NUMBER
- control field: 13338
003 - CONTROL NUMBER IDENTIFIER
- control field: BD-RjUL
005 - DATE AND TIME OF LATEST TRANSACTION
- control field: 20240606102641.0
008 - FIXED-LENGTH DATA ELEMENTS
- fixed length control field: 240606|| aca||aabn | a|a d
040 ## - CATALOGING SOURCE
- Original cataloging agency: BD-RjUL
- Transcribing agency: BD-RjUL
100 ## - HEADING--PERSONAL NAME
- Personal name: Das, Bharati
670 ## - SOURCE DATA FOUND
- Source citation: Work cat.: (BD-RjUL)83912: Das, Bharati, Toxci Effects of Endosuifan on Renal and Hepatic Tissues of Albino Rat and its Reduction by some Vitamins /, 2010